000 01411nam a2200241Ia 4500
999 _c40803
_d40803
001 7443
003 GE_BSU
005 20231218110319.0
008 181216s1971||||ge |||||||||||||| ||geo||
040 _cGE_BSU
041 _ageo
080 _a355.48(47+57)''1941-1945''(092)(479.22)+94(47+57)''1942-1944''
100 _aდობორჯგინიძე, კომანდო
_920768
245 _aკავკასიონის მისადგომებთან /
_cკომანდო დობორჯგინიძე ; სარედ. კოლეგია : ა. კოკილაშვილი, კ. ლორთქიფანიძე და სხვ. ; რედ. ვ. სიხარულიძე ; მხატვ. დ. ზარაფიშვილი. დ. ზარაფიშვილი
264 _aთბილისი :
_bნაკადული,
_c1971.
300 _a78 გვ. :
_bილ. ;
_c20 სმ.
653 _aკავკასიის ბრძოლა
653 _aქართველები დიდ სამამულო ომში
653 _aკავკასიონის მისადგომებთან
700 _aსიხარულიძე, ვ.
_eრედაქტორი
_920769
700 _aზარაფიშვილი, დ.
_eმხატვარი
_913812
942 _cBK
_2udc